000 00771 a2200193 4500
010 _aENG-85825
020 _a8131301435
_c695.00
035 _aEN-69358
037 _bD.B.Act / Pub
082 1 4 _a371.262
090 _c3498
_d3498
100 1 _aYogesh Kumar Singh
245 1 _aEducation and mental measurement
_bmodified syllabus Indian universities/ B.Ed training institute and colleges/ Department of education
_cby Yogesh Kumar Singh
260 _aNew Delhi
_bAPH Publishing Corporatioon
_c2007
270 _a5, Ansari Road, Darya Ganj
_bNew Delhi
_e110 002
_k011- 23274050
_maphbooks@vsnl.net
300 _aviii, 360 p.
_b22 cm ( Hb.)
942 _adpl
_cEN
_k371.262 / YOG
999 _c3431
_d3431